| 000 | 00970nam a22002055i 4500 | ||
|---|---|---|---|
| 001 | 53486 | ||
| 003 | ES-MaACL | ||
| 005 | 20240229062721.0 | ||
| 007 | t| | ||
| 008 | 950928s1811 sp ||||1| spa d | ||
| 040 |
_aCAM _bspa _cCAM |
||
| 110 | 2 |
_aEspaña. _bJunta Central Suprema Gubernativa del Reino. _9161587 |
|
| 245 | 1 | 0 | _aExposición que hacen a las Cortes Generales y Extraordinarias de la Nación Española, los individuos que compusieron la Junta Central Suprema Gubernativa de la misma, de su conducta en el tiempo de su administración. |
| 260 |
_aCádiz : _b[s.n.], _c1811 ( _fImp. del Estado Mayor) |
||
| 300 |
_a2 v. ; _c32 cm. |
||
| 505 | 8 | _aContiene:Sección primera (XIII, 33, 54 p.) -- Sección segunda: Ramo diplómatico o de relaciones extrangeras (37, 219 p., [1] h. de grab. pleg.) | |
| 651 | 4 |
_aEspaña- _xHistoria- _y1808-1814, Guerra de la Independencia _98244 |
|
| 852 |
_aES-MaACL _jZ-111-112 _xOlim: B-11438-39 |
||
| 999 |
_c53486 _d53486 |
||